[Event "Amsterdam Science Park 2023"]
[Site "Science Park, Amsterdam, Netherlands"]
[Date "2023.07.22"]
[Round "8.5"]
[White "Labruyere, Roger"]
[Black "Abdulla, Murad"]
[Result "1/2-1/2"]
[WhiteElo "2191"]
[BlackElo "2307"]

1. e4 {[%clk 01:30:57]} {[%emt 00:00:01]} c5 {[%clk 01:20:55]} {[%emt
00:10:06]} 2. Nf3 {[%clk 01:31:11]} {[%emt 00:00:16]} d6 {[%clk 01:21:02]}
{[%emt 00:00:24]} 3. Bb5+ {[%clk 01:31:35]} {[%emt 00:00:06]} Nd7 {[%clk
01:21:28]} {[%emt 00:00:04]} 4. a4 {[%clk 01:32:01]} {[%emt 00:00:04]} Ngf6
{[%clk 01:21:46]} {[%emt 00:00:11]} 5. Nc3 {[%clk 01:32:25]} {[%emt 00:00:06]}
g6 {[%clk 01:22:11]} {[%emt 00:00:05]} 6. a5 {[%clk 01:32:51]} {[%emt
00:00:05]} a6 {[%clk 01:22:38]} {[%emt 00:00:04]} 7. Be2 {[%clk 01:33:16]}
{[%emt 00:00:04]} Bg7 {[%clk 01:23:04]} {[%emt 00:00:03]} 8. O-O {[%clk
01:33:42]} {[%emt 00:00:05]} O-O {[%clk 01:23:31]} {[%emt 00:00:03]} 9. Re1
{[%clk 01:31:26]} {[%emt 00:02:46]} b5 {[%clk 01:14:46]} {[%emt 00:09:15]} 10.
axb6 {[%clk 01:30:17]} {[%emt 00:01:40]} Qxb6 {[%clk 01:11:08]} {[%emt
00:04:08]} 11. d3 {[%clk 01:19:54]} {[%emt 00:10:53]} Bb7 {[%clk 01:10:43]}
{[%emt 00:00:55]} 12. Nd2 {[%clk 01:17:58]} {[%emt 00:02:26]} Ne5 {[%clk
01:00:58]} {[%emt 00:10:15]} 13. Nb3 {[%clk 01:13:30]} {[%emt 00:04:58]} Nc6
{[%clk 00:53:29]} {[%emt 00:07:59]} 14. Be3 {[%clk 01:12:01]} {[%emt 00:01:59]}
e5 {[%clk 00:53:15]} {[%emt 00:00:44]} 15. Bg5 {[%clk 01:10:17]} {[%emt
00:02:14]} Nb4 {[%clk 00:47:25]} {[%emt 00:06:20]} 16. Na5 {[%clk 01:08:35]}
{[%emt 00:02:12]} Bc8 {[%clk 00:47:06]} {[%emt 00:00:49]} 17. Nc4 {[%clk
01:08:26]} {[%emt 00:00:39]} Qc7 {[%clk 00:45:43]} {[%emt 00:01:53]} 18. Qd2
{[%clk 00:53:46]} {[%emt 00:15:10]} Be6 {[%clk 00:42:37]} {[%emt 00:03:36]} 19.
Rf1 {[%clk 00:50:12]} {[%emt 00:04:04]} Rfe8 {[%clk 00:33:15]} {[%emt
00:09:51]} 20. Rad1 {[%clk 00:40:07]} {[%emt 00:10:34]} d5 {[%clk 00:26:39]}
{[%emt 00:07:07]} 21. Bxf6 {[%clk 00:37:10]} {[%emt 00:03:27]} Bxf6 {[%clk
00:26:55]} {[%emt 00:00:14]} 22. exd5 {[%clk 00:37:36]} {[%emt 00:00:05]} Nxd5
{[%clk 00:27:11]} {[%emt 00:00:13]} 23. Ne4 {[%clk 00:37:45]} {[%emt 00:00:22]}
Bg7 {[%clk 00:27:02]} {[%emt 00:00:39]} 24. Bf3 {[%clk 00:36:39]} {[%emt
00:01:35]} Rad8 {[%clk 00:25:51]} {[%emt 00:01:42]} 25. Qa5 {[%clk 00:35:36]}
{[%emt 00:01:33]} Qxa5 {[%clk 00:25:36]} {[%emt 00:00:46]} 26. Nxa5 {[%clk
00:35:41]} {[%emt 00:00:25]} Nb4 {[%clk 00:22:48]} {[%emt 00:03:18]} 27. Rd2
{[%clk 00:16:18]} {[%emt 00:19:53]} f5 {[%clk 00:14:28]} {[%emt 00:08:49]} 28.
Nxc5 {[%clk 00:16:02]} {[%emt 00:00:46]} e4 {[%clk 00:14:48]} {[%emt 00:00:10]}
29. Nxe6 {[%clk 00:14:55]} {[%emt 00:01:38]} Rxe6 {[%clk 00:14:46]} {[%emt
00:00:31]} 30. Be2 {[%clk 00:05:38]} {[%emt 00:09:47]} Bxb2 {[%clk 00:13:00]}
{[%emt 00:02:16]} 31. d4 {[%clk 00:05:55]} {[%emt 00:00:14]} Kg7 {[%clk
00:04:52]} {[%emt 00:08:38]} 32. Bc4 {[%clk 00:03:31]} {[%emt 00:02:54]} Rb6
{[%clk 00:04:26]} {[%emt 00:00:56]} 33. Nb3 {[%clk 00:01:09]} {[%emt 00:02:52]}
Rc6 {[%clk 00:03:05]} {[%emt 00:01:50]} 34. Na5 {[%clk 00:01:03]} {[%emt
00:00:36]} Rc7 {[%clk 00:03:31]} {[%emt 00:00:04]} 35. Bb3 {[%clk 00:00:43]}
{[%emt 00:00:50]} Bxd4 {[%clk 00:01:44]} {[%emt 00:02:17]} 36. Rfd1 {[%clk
00:00:42]} {[%emt 00:00:30]} e3 {[%clk 00:02:00]} {[%emt 00:00:14]} 37. Re2
{[%clk 00:00:34]} {[%emt 00:00:38]} exf2+ {[%emt 00:01:49]} 38. Kf1 Bf6 {[%clk
00:00:34]} {[%emt 00:00:38]} 39. Rxd8 {[%clk 00:01:30]} {[%emt 00:00:04]} Bxd8
{[%clk 00:01:03]} 40. Nc4 {[%clk 00:00:37]} {[%emt 00:01:22]} Rc5 {[%clk
00:00:36]} {[%emt 00:00:58]} 41. Kxf2 {[%clk 00:00:45]} {[%emt 00:00:22]} Bf6
{[%clk 00:27:49]} {[%emt 00:03:17]} 42. Nd6 {[%clk 00:26:51]} {[%emt 00:04:23]}
Bd4+ {[%clk 00:24:13]} {[%emt 00:04:07]} 43. Kf1 {[%clk 00:24:02]} {[%emt
00:03:19]} Nc6 {[%clk 00:16:49]} {[%emt 00:07:54]} 44. Re8 {[%clk 00:23:39]}
{[%emt 00:00:53]} Be5 {[%clk 00:12:26]} {[%emt 00:04:54]} 45. Nf7 {[%clk
00:19:51]} {[%emt 00:04:18]} Bf6 {[%clk 00:08:09]} {[%emt 00:04:47]} 46. Rc8
{[%clk 00:18:41]} {[%emt 00:01:39]} Rc3 {[%clk 00:07:12]} {[%emt 00:01:27]} 47.
Nd6 {[%clk 00:16:31]} {[%emt 00:02:40]} Nb4 {[%clk 00:05:02]} {[%emt 00:02:41]}
48. Rb8 {[%clk 00:15:35]} {[%emt 00:01:26]} Be5 {[%clk 00:02:34]} {[%emt
00:02:58]} 49. Rb7+ {[%clk 00:13:14]} {[%emt 00:02:50]} Kf8 {[%clk 00:01:15]}
{[%emt 00:01:49]} 50. Nc4 {[%clk 00:09:53]} {[%emt 00:03:51]} Rxc4 {[%clk
00:00:58]} {[%emt 00:00:48]} 51. Bxc4 {[%clk 00:10:05]} {[%emt 00:00:18]} Nxc2
{[%clk 00:01:26]} {[%emt 00:00:02]} 52. Bxa6 {[%emt 00:00:21]} Bxh2 {[%clk
00:01:37]} {[%emt 00:00:18]} 53. Rxh7 {[%clk 00:10:34]} {[%emt 00:00:10]} Be5
{[%clk 00:01:07]} {[%emt 00:01:01]} 54. Ke2 {[%clk 00:10:43]} {[%emt 00:00:21]}
Bg7 {[%clk 00:01:10]} {[%emt 00:00:27]} 55. Rh1 {[%clk 00:10:56]} {[%emt
00:00:17]} Ke7 {[%clk 00:01:05]} {[%emt 00:00:36]} 56. Rb1 {[%clk 00:11:05]}
{[%emt 00:00:20]} Nd4+ {[%clk 00:01:09]} {[%emt 00:00:26]} 57. Kd3 {[%clk
00:11:20]} {[%emt 00:00:14]} Ne6 {[%clk 00:01:30]} {[%emt 00:00:10]} 58. Ke3
{[%clk 00:09:33]} {[%emt 00:02:17]} Bd4+ {[%clk 00:01:29]} {[%emt 00:00:32]} 59.
Ke2 {[%clk 00:09:50]} {[%emt 00:00:12]} Kf6 {[%clk 00:01:34]} {[%emt 00:00:26]}
60. Bc4 {[%clk 00:10:00]} {[%emt 00:00:20]} Nf4+ {[%clk 00:01:44]} {[%emt
00:00:20]} 61. Kf3 {[%clk 00:10:25]} {[%emt 00:00:05]} g5 {[%clk 00:02:00]}
{[%emt 00:00:15]} 62. Ba2 {[%clk 00:08:12]} {[%emt 00:02:43]} Ng6 {[%clk
00:02:12]} {[%emt 00:00:18]} 63. Rb8 {[%clk 00:07:59]} {[%emt 00:00:42]} Nh4+
{[%clk 00:02:10]} {[%emt 00:00:32]} 64. Ke2 {[%clk 00:08:00]} {[%emt 00:00:29]}
Nxg2 {[%clk 00:02:30]} {[%emt 00:00:10]} 65. Rf8+ {[%clk 00:07:54]} {[%emt
00:00:35]} Ke5 {[%clk 00:02:51]} {[%emt 00:00:10]} 66. Kf3 {[%clk 00:06:45]}
{[%emt 00:01:39]} Nh4+ {[%clk 00:02:55]} {[%emt 00:00:26]} 67. Kg3 {[%clk
00:07:00]} {[%emt 00:00:14]} Be3 {[%clk 00:01:40]} {[%emt 00:01:46]} 68. Re8+
{[%clk 00:07:24]} {[%emt 00:00:06]} Kd4 {[%clk 00:02:04]} {[%emt 00:00:06]} 69.
Rd8+ {[%clk 00:07:43]} {[%emt 00:00:11]} Kc3 {[%clk 00:01:36]} {[%emt
00:00:57]} 70. Be6 {[%clk 00:06:42]} {[%emt 00:01:31]} Bd4 {[%clk 00:01:23]}
{[%emt 00:00:43]} 71. Bxf5 {[%clk 00:04:57]} {[%emt 00:02:16]} Nxf5 {[%clk
00:01:37]} {[%emt 00:00:16]} 72. Kg4 {[%clk 00:05:23]} {[%emt 00:00:04]} Nh6+
{[%clk 00:01:24]} {[%emt 00:00:44]} 73. Kh5 {[%clk 00:05:47]} {[%emt 00:00:06]}
Nf7 {[%clk 00:01:47]} {[%emt 00:00:07]} 74. Rd7 {[%clk 00:06:02]} {[%emt
00:00:14]} Ne5 {[%clk 00:01:19]} {[%emt 00:00:58]} 75. Rxd4 {[%clk 00:06:20]}
{[%emt 00:00:11]} Kxd4 {[%clk 00:01:40]} {[%emt 00:00:10]} 76. Kxg5 {[%clk
00:06:47]} {[%emt 00:00:04]} 1/2-1/2

[Event "Amsterdam Science Park 2023"]
[Site "Science Park, Amsterdam, Netherlands"]
[Date "2023.07.22"]
[Round "8.6"]
[White "Hopman, Pieter"]
[Black "Hu, Yu A."]
[Result "0-1"]
[WhiteElo "2323"]
[BlackElo "2056"]

1. d4 {[%clk 01:30:17]} {[%emt 00:00:42]} Nf6 {[%clk 01:30:37]} {[%emt
00:00:23]} 2. c4 {[%clk 01:30:39]} {[%emt 00:00:08]} e6 {[%clk 01:31:00]}
{[%emt 00:00:07]} 3. Nc3 {[%clk 01:31:04]} {[%emt 00:00:05]} Bb4 {[%clk
01:31:08]} {[%emt 00:00:22]} 4. Qc2 {[%clk 01:31:24]} {[%emt 00:00:11]} O-O
{[%clk 01:31:07]} {[%emt 00:00:29]} 5. e4 {[%clk 01:31:31]} {[%emt 00:00:23]}
d5 {[%clk 01:31:12]} {[%emt 00:00:26]} 6. e5 {[%clk 01:31:57]} {[%emt
00:00:05]} Ne4 {[%clk 01:31:32]} {[%emt 00:00:09]} 7. Bd3 {[%clk 01:32:20]}
{[%emt 00:00:07]} c5 {[%clk 01:31:31]} {[%emt 00:00:30]} 8. Nge2 {[%clk
01:32:34]} {[%emt 00:00:16]} cxd4 {[%clk 01:31:08]} {[%emt 00:00:54]} 9. Nxd4
{[%clk 01:32:58]} {[%emt 00:00:06]} Nd7 {[%clk 01:31:12]} {[%emt 00:00:26]} 10.
Bf4 {[%clk 01:33:22]} {[%emt 00:00:07]} Ndc5 {[%clk 01:30:26]} {[%emt
00:01:16]} 11. O-O {[%clk 01:28:55]} {[%emt 00:04:57]} Bxc3 {[%clk 01:30:20]}
{[%emt 00:00:36]} 12. bxc3 {[%clk 01:29:20]} {[%emt 00:00:05]} Nxd3 {[%clk
01:30:44]} {[%emt 00:00:06]} 13. Qxd3 {[%clk 01:29:45]} {[%emt 00:00:04]} b6
{[%clk 01:30:18]} {[%emt 00:00:57]} 14. cxd5 {[%clk 01:24:48]} {[%emt
00:05:27]} Qxd5 {[%clk 01:30:34]} {[%emt 00:00:14]} 15. Rfd1 {[%clk 01:24:31]}
{[%emt 00:00:47]} Nc5 {[%clk 01:19:43]} {[%emt 00:11:21]} 16. Qg3 {[%clk
01:23:41]} {[%emt 00:01:20]} Qe4 {[%clk 01:18:52]} {[%emt 00:01:21]} 17. Nb5
{[%clk 01:20:08]} {[%emt 00:04:04]} Bd7 {[%clk 01:17:10]} {[%emt 00:02:12]} 18.
Nd6 {[%clk 01:17:45]} {[%emt 00:02:52]} Qg6 {[%clk 01:17:32]} {[%emt 00:00:07]}
19. Qe3 {[%clk 01:13:11]} {[%emt 00:05:04]} Bc6 {[%clk 01:14:58]} {[%emt
00:03:05]} 20. f3 {[%clk 01:13:32]} {[%emt 00:00:09]} f6 {[%clk 01:12:40]}
{[%emt 00:02:47]} 21. exf6 {[%clk 01:13:46]} {[%emt 00:00:17]} Rxf6 {[%clk
01:12:11]} {[%emt 00:00:59]} 22. Bg5 {[%clk 01:12:52]} {[%emt 00:01:24]} Rff8
{[%clk 01:10:52]} {[%emt 00:01:49]} 23. Kh1 {[%clk 01:11:45]} {[%emt 00:01:37]}
e5 {[%clk 00:50:13]} {[%emt 00:21:09]} 24. Nc4 {[%clk 00:58:37]} {[%emt
00:13:39]} e4 {[%clk 00:49:54]} {[%emt 00:00:48]} 25. Rd6 {[%clk 00:55:19]}
{[%emt 00:03:48]} Qe8 {[%clk 00:50:16]} {[%emt 00:00:08]} 26. f4 {[%clk
00:52:29]} {[%emt 00:03:20]} Ne6 {[%clk 00:44:22]} {[%emt 00:06:24]} 27. Ne5
{[%clk 00:50:48]} {[%emt 00:02:11]} Nxg5 {[%clk 00:44:38]} {[%emt 00:00:14]} 28.
Rxc6 {[%clk 00:47:47]} {[%emt 00:03:32]} Rd8 {[%clk 00:42:00]} {[%emt
00:03:07]} 29. Rc7 {[%clk 00:44:58]} {[%emt 00:03:19]} Ne6 {[%clk 00:42:16]}
{[%emt 00:00:13]} 30. Rxa7 {[%clk 00:45:08]} {[%emt 00:00:19]} Nxf4 {[%clk
00:41:08]} {[%emt 00:01:40]} 31. Qxe4 {[%clk 00:44:55]} {[%emt 00:00:43]} Rd5
{[%clk 00:40:50]} {[%emt 00:00:48]} 32. Re1 {[%clk 00:42:03]} {[%emt 00:03:23]}
Qxe5 {[%clk 00:39:16]} {[%emt 00:02:03]} 33. Qxe5 {[%clk 00:40:11]} {[%emt
00:02:22]} Rxe5 {[%clk 00:39:41]} {[%emt 00:00:04]} 34. Rxe5 {[%clk 00:40:35]}
{[%emt 00:00:07]} Nd3 {[%clk 00:40:06]} {[%emt 00:00:05]} 0-1

[Event "Amsterdam Science Park 2023"]
[Site "Science Park, Amsterdam, Netherlands"]
[Date "2023.07.22"]
[Round "8.7"]
[White "Vroombout, Enrico"]
[Black "Van der Poel, Henk"]
[Result "1-0"]
[WhiteElo "2117"]
[BlackElo "2211"]

1. d4 {[%clk 01:04:42]} {[%emt 00:26:17]} Nf6 {[%clk 01:29:48]} {[%emt
00:01:11]} 2. c4 {[%clk 01:02:23]} {[%emt 00:02:44]} e6 {[%clk 01:30:06]}
{[%emt 00:00:18]} 3. Nf3 {[%clk 01:02:51]} {[%emt 00:00:03]} d5 {[%clk
01:29:35]} {[%emt 00:01:00]} 4. Nc3 {[%clk 01:02:53]} {[%emt 00:00:30]} dxc4
{[%clk 01:29:21]} {[%emt 00:00:43]} 5. e3 {[%clk 01:02:17]} {[%emt 00:01:07]}
a6 {[%clk 01:29:07]} {[%emt 00:00:43]} 6. a4 {[%clk 01:02:10]} {[%emt
00:00:38]} c5 {[%clk 01:29:08]} {[%emt 00:00:28]} 7. Bxc4 {[%clk 01:02:33]}
{[%emt 00:00:07]} Nc6 {[%clk 01:29:08]} {[%emt 00:00:29]} 8. O-O {[%clk
01:02:52]} {[%emt 00:00:12]} cxd4 {[%clk 01:19:01]} {[%emt 00:10:36]} 9. exd4
{[%clk 01:02:52]} {[%emt 00:00:31]} Nb4 {[%clk 01:19:20]} {[%emt 00:00:11]} 10.
Bg5 {[%clk 00:58:29]} {[%emt 00:04:53]} Be7 {[%clk 01:19:42]} {[%emt 00:00:07]}
11. Re1 {[%clk 00:54:42]} {[%emt 00:04:19]} O-O {[%clk 01:20:00]} {[%emt
00:00:11]} 12. Qe2 {[%clk 00:53:36]} {[%emt 00:01:37]} Nbd5 {[%clk 01:11:57]}
{[%emt 00:08:31]} 13. Bxd5 {[%clk 00:43:54]} {[%emt 00:10:13]} Nxd5 {[%clk
01:08:24]} {[%emt 00:04:03]} 14. Nxd5 {[%clk 00:43:58]} {[%emt 00:00:27]} Bxg5
{[%clk 01:08:43]} {[%emt 00:00:11]} 15. Nxg5 {[%clk 00:44:10]} {[%emt
00:00:19]} Qxd5 {[%clk 01:08:20]} {[%emt 00:00:52]} 16. Nf3 {[%clk 00:43:19]}
{[%emt 00:01:22]} Bd7 {[%clk 01:06:25]} {[%emt 00:02:24]} 17. Qd3 {[%clk
00:37:42]} {[%emt 00:06:07]} f6 {[%clk 01:01:24]} {[%emt 00:05:29]} 18. Ra3
{[%clk 00:28:32]} {[%emt 00:09:42]} Rac8 {[%clk 00:59:09]} {[%emt 00:02:44]} 19.
h3 {[%clk 00:22:06]} {[%emt 00:06:56]} Rfd8 {[%clk 00:47:24]} {[%emt 00:12:14]}
20. Qe2 {[%clk 00:19:02]} {[%emt 00:03:36]} Rc4 {[%clk 00:43:34]} {[%emt
00:04:19]} 21. b3 {[%clk 00:18:52]} {[%emt 00:00:41]} Rc3 {[%clk 00:43:08]}
{[%emt 00:00:55]} 22. Qb2 {[%clk 00:19:05]} {[%emt 00:00:18]} Rdc8 {[%clk
00:42:45]} {[%emt 00:00:52]} 23. b4 {[%clk 00:19:06]} {[%emt 00:00:31]} Rc2
{[%clk 00:41:15]} {[%emt 00:01:58]} 24. Qb1 {[%clk 00:18:07]} {[%emt 00:01:30]}
Be8 {[%clk 00:39:01]} {[%emt 00:02:43]} 25. b5 {[%clk 00:16:30]} {[%emt
00:02:08]} axb5 {[%clk 00:34:08]} {[%emt 00:05:23]} 26. axb5 {[%clk 00:16:54]}
{[%emt 00:00:06]} Bxb5 {[%clk 00:33:49]} {[%emt 00:00:48]} 27. Ra5 {[%emt
00:06:51]} 1-0

[Event "Amsterdam Science Park 2023"]
[Site "Science Park, Amsterdam, Netherlands"]
[Date "2023.07.22"]
[Round "8.8"]
[White "Van den Berg, Jeroen"]
[Black "Honkoop, Gilian"]
[Result "0-1"]
[WhiteElo "1864"]
[BlackElo "2193"]

1. e4 {[%clk 01:30:56]} {[%emt 00:00:03]} e5 {[%clk 01:21:23]} {[%emt
00:09:38]} 2. Nc3 {[%clk 01:31:01]} {[%emt 00:00:24]} Nc6 {[%clk 01:21:37]}
{[%emt 00:00:16]} 3. Nf3 {[%clk 01:31:18]} {[%emt 00:00:12]} Nf6 {[%clk
01:21:57]} {[%emt 00:00:10]} 4. Bb5 {[%clk 01:31:31]} {[%emt 00:00:18]} Bb4
{[%clk 01:22:21]} {[%emt 00:00:06]} 5. O-O {[%clk 01:31:13]} {[%emt 00:00:47]}
O-O {[%clk 01:22:38]} {[%emt 00:00:14]} 6. d3 {[%clk 01:30:59]} {[%emt
00:00:45]} d6 {[%clk 01:23:05]} {[%emt 00:00:03]} 7. Bg5 {[%clk 01:30:55]}
{[%emt 00:00:33]} Bxc3 {[%clk 01:23:09]} {[%emt 00:00:26]} 8. bxc3 {[%clk
01:30:29]} {[%emt 00:00:55]} Ne7 {[%clk 01:23:32]} {[%emt 00:00:07]} 9. Nh4
{[%clk 01:18:46]} {[%emt 00:12:13]} c6 {[%clk 01:18:01]} {[%emt 00:06:01]} 10.
Ba4 {[%clk 01:14:20]} {[%emt 00:04:56]} Ne8 {[%clk 01:12:30]} {[%emt 00:06:01]}
11. Bb3 {[%clk 01:09:47]} {[%emt 00:05:03]} Kh8 {[%clk 01:05:41]} {[%emt
00:07:19]} 12. f4 {[%clk 01:02:03]} {[%emt 00:08:15]} f6 {[%clk 00:58:07]}
{[%emt 00:08:04]} 13. fxe5 {[%clk 01:01:24]} {[%emt 00:01:09]} dxe5 {[%clk
00:58:30]} {[%emt 00:00:06]} 14. a4 {[%clk 00:48:21]} {[%emt 00:13:33]} Nd6
{[%clk 00:46:10]} {[%emt 00:12:49]} 15. Qf3 {[%clk 00:44:44]} {[%emt 00:04:08]}
b6 {[%clk 00:33:49]} {[%emt 00:12:51]} 16. d4 {[%clk 00:40:38]} {[%emt
00:04:35]} exd4 {[%clk 00:33:12]} {[%emt 00:01:07]} 17. cxd4 {[%clk 00:40:01]}
{[%emt 00:01:07]} Ba6 {[%clk 00:29:39]} {[%emt 00:04:03]} 18. Be3 {[%clk
00:25:39]} {[%emt 00:14:52]} Bxf1 {[%clk 00:29:40]} {[%emt 00:00:29]} 19. Rxf1
{[%clk 00:25:54]} {[%emt 00:00:15]} Qe8 {[%clk 00:21:00]} {[%emt 00:09:11]} 20.
c3 {[%clk 00:16:50]} {[%emt 00:09:33]} f5 {[%clk 00:16:20]} {[%emt 00:05:10]}
21. e5 {[%clk 00:12:47]} {[%emt 00:04:33]} Ne4 {[%clk 00:16:46]} {[%emt
00:00:04]} 22. g4 {[%clk 00:11:18]} {[%emt 00:01:59]} f4 {[%clk 00:10:49]}
{[%emt 00:06:27]} 23. Bc1 {[%clk 00:08:56]} {[%emt 00:02:52]} Ng5 {[%clk
00:10:38]} {[%emt 00:00:41]} 24. Qd3 {[%clk 00:09:10]} {[%emt 00:00:16]} Qd7
{[%clk 00:08:42]} {[%emt 00:02:26]} 25. h3 {[%clk 00:06:29]} {[%emt 00:03:10]}
Ne6 {[%clk 00:07:38]} {[%emt 00:01:33]} 26. Qe4 {[%clk 00:04:52]} {[%emt
00:02:07]} Nd5 {[%clk 00:04:50]} {[%emt 00:03:18]} 27. Bd2 {[%clk 00:03:16]}
{[%emt 00:02:06]} Ne7 {[%clk 00:01:35]} {[%emt 00:03:45]} 28. Bxf4 {[%clk
00:01:50]} {[%emt 00:01:56]} Nxf4 {[%clk 00:01:56]} {[%emt 00:00:10]} 29. Rxf4
{[%clk 00:02:08]} {[%emt 00:00:11]} Rxf4 {[%clk 00:01:54]} {[%emt 00:00:33]} 30.
Qxf4 {[%clk 00:02:32]} {[%emt 00:00:06]} Nd5 {[%clk 00:02:17]} {[%emt
00:00:07]} 31. Qf3 {[%clk 00:02:14]} {[%emt 00:00:47]} Re8 {[%clk 00:00:52]}
{[%emt 00:01:55]} 32. Nf5 {[%clk 00:00:46]} {[%emt 00:01:58]} Rf8 {[%clk
00:01:05]} {[%emt 00:00:18]} 33. Qg3 {[%clk 00:00:49]} {[%emt 00:00:26]} Qf7
{[%clk 00:00:39]} {[%emt 00:00:56]} 34. Ne3 {[%clk 00:00:38]} {[%emt 00:00:41]}
Qf4 {[%clk 00:00:40]} {[%emt 00:00:29]} 35. Qxf4 {[%clk 00:00:47]} {[%emt
00:00:21]} Nxf4 {[%clk 00:01:09]} {[%emt 00:00:01]} 36. h4 {[%clk 00:00:35]}
{[%emt 00:00:42]} Ne2+ {[%clk 00:01:22]} {[%emt 00:00:15]} 37. Kg2 {[%clk
00:00:40]} {[%emt 00:00:27]} Nxc3 {[%clk 00:01:48]} {[%emt 00:00:04]} 38. Nf5
{[%clk 00:00:33]} {[%emt 00:00:38]} g6 {[%clk 00:01:56]} {[%emt 00:00:22]} 39.
Nd6 {[%clk 00:00:49]} {[%emt 00:00:13]} Kg7 {[%clk 00:01:40]} {[%emt 00:00:47]}
40. g5 {[%clk 00:00:54]} {[%emt 00:00:25]} Ne2 {[%clk 00:00:35]} {[%emt
00:01:35]} 41. e6 {[%clk 00:29:40]} {[%emt 00:01:44]} Nxd4 {[%clk 00:14:35]}
{[%emt 00:16:30]} 42. e7 {[%clk 00:30:03]} {[%emt 00:00:06]} Nxb3 {[%clk
00:15:02]} {[%emt 00:00:03]} 43. exf8=Q+ {[%clk 00:30:19]} {[%emt 00:00:14]}
Kxf8 {[%clk 00:15:29]} {[%emt 00:00:03]} 44. Nc8 {[%clk 00:30:41]} {[%emt
00:00:08]} b5 {[%clk 00:15:52]} {[%emt 00:00:07]} 45. axb5 {[%clk 00:25:57]}
{[%emt 00:05:14]} cxb5 {[%clk 00:16:14]} {[%emt 00:00:08]} 46. Nxa7 {[%clk
00:26:23]} {[%emt 00:00:04]} Nd4 {[%clk 00:16:38]} {[%emt 00:00:05]} 47. Nc8
{[%clk 00:26:49]} {[%emt 00:00:05]} b4 {[%clk 00:15:40]} {[%emt 00:01:28]} 48.
Nb6 {[%clk 00:26:58]} {[%emt 00:00:22]} b3 {[%clk 00:16:00]} {[%emt 00:00:10]}
49. Nc4 {[%clk 00:27:16]} {[%emt 00:00:11]} Nf5 {[%clk 00:15:26]} {[%emt
00:01:05]} 50. Kh3 {[%clk 00:25:12]} {[%emt 00:02:33]} Kf7 {[%clk 00:15:40]}
{[%emt 00:00:16]} 51. Nb2 {[%clk 00:24:48]} {[%emt 00:00:54]} Ke6 {[%clk
00:15:10]} {[%emt 00:00:58]} 52. Kg4 {[%clk 00:25:01]} {[%emt 00:00:19]} Ke5
{[%clk 00:14:42]} {[%emt 00:00:56]} 53. h5 {[%clk 00:24:54]} {[%emt 00:00:40]}
Ne3+ {[%clk 00:14:53]} {[%emt 00:00:19]} 54. Kf3 {[%clk 00:24:20]} {[%emt
00:01:05]} Kd4 {[%clk 00:14:55]} {[%emt 00:00:26]} 0-1